[Event "Titled Tuesday intern op 03rd Jan Early"]
[Site "Chess.com INT"]
[Date "2023.01.03"]
[Round "9"]
[White "Murtazin, Ruslan"]
[Black "Lopez del Alamo, Antonio"]
[Result "1-0"]
[WhiteElo "2247"]
[BlackElo "2275"]
[PlyCount "39"]
[EventDate "2023.01.03"]
[EventType "swiss (blitz)"]
[EventRounds "11"]
[EventCountry "USA"]
[SourceTitle "EXT 2024"]
[Source "ChessBase"]
[SourceDate "2023.10.10"]
[SourceVersion "1"]
[SourceVersionDate "2023.10.10"]
[SourceQuality "1"]

1. e4 c5 2. Nf3 e6 3. b3 Nc6 4. Bb2 d6 5. g3 Nf6 6. d3 Be7 7. Bg2 0-0 8. 0-0 Qc7 9. Re1 e5 10. h3 a6 11. c3 b5 12. d4 cxd4 13. cxd4 Bb7 14. Nc3 Rac8 15. Rc1 exd4 16. Nxd4 Qb6 17. Nf5 Rfe8 18. Nd5 Nxd5 19. exd5 Bf8 20. dxc6 1-0

[Event "Titled Tuesday intern op 27th Sep Late"]
[Site "Chess.com INT"]
[Date "2022.09.27"]
[Round "4"]
[White "Boyer, Mahel"]
[Black "Murtazin, Ruslan"]
[Result "1-0"]
[WhiteElo "2434"]
[BlackElo "2247"]
[PlyCount "51"]
[EventDate "2022.09.27"]
[EventType "swiss (blitz)"]
[EventRounds "11"]
[EventCountry "USA"]
[SourceTitle "CBM 210 Extra"]
[Source "ChessBase"]
[SourceDate "2022.11.30"]
[SourceVersion "1"]
[SourceVersionDate "2022.11.30"]
[SourceQuality "1"]

1. e4 e6 2. d4 d5 3. Bd3 dxe4 4. Bxe4 Nf6 5. Bf3 c5 6. Ne2 Nc6 7. c3 e5 8. Bxc6+ bxc6 9. 0-0 cxd4 10. cxd4 exd4 11. Nxd4 Qd6 12. Re1+ Be7 13. Qf3 Bd7 14. Nb5 Qb8 15. Rxe7+ Kxe7 16. Qa3+ Kd8 17. Nd6 Re8 18. Nxe8 Nxe8 19. Nc3 Qd6 20. Qa5+ Ke7 21. Be3 Qc7 22. Bc5+ Kd8 23. Qa3 Rb8 24. Bxa7 Ra8 25. Bb6 Rxa3 26. Bxc7+ 1-0

[Event "Titled Tuesday intern op 27th Sep Early"]
[Site "Chess.com INT"]
[Date "2022.09.27"]
[Round "3"]
[White "Jakubowski, Krzysztof"]
[Black "Murtazin, Ruslan"]
[Result "0-1"]
[WhiteElo "2466"]
[BlackElo "2247"]
[PlyCount "108"]
[EventDate "2022.09.27"]
[EventType "swiss (blitz)"]
[EventRounds "11"]
[EventCountry "USA"]
[SourceTitle "CBM 210 Extra"]
[Source "ChessBase"]
[SourceDate "2022.11.30"]
[SourceVersion "1"]
[SourceVersionDate "2022.11.30"]
[SourceQuality "1"]

1. e4 e6 2. d4 d5 3. Nc3 Nf6 4. e5 Nfd7 5. Nce2 c5 6. c3 Nc6 7. f4 Be7 8. Nf3 f6 9. a3 0-0 10. Be3 Qb6 11. b4 cxd4 12. cxd4 a5 13. b5 Qxb5 14. Nc3 Qb6 15. Rb1 Qd8 16. Bd3 f5 17. h3 Nb6 18. g4 Nc4 19. Bc1 Nxa3 20. Bxa3 Bxa3 21. gxf5 exf5 22. Nb5 Be7 23. Rg1 h6 24. Rb2 Kh7 25. Rbg2 Rf7 26. Ng5+ hxg5 27. Qh5+ Kg8 28. fxg5 g6 29. Qxg6+ Rg7 30. Qh5 Be6 31. g6 Qd7 32. Rf2 Rf8 33. Rgf1 Nb4 34. Be2 a4 35. Qh6 Nc6 36. Bd3 a3 37. Bb1 Nb4 38. Nc3 Qc6 39. Qd2 Qc4 40. h4 a2 41. Bxa2 Nxa2 42. Nxa2 Ra8 43. h5 Bh4 44. Kd1 Bxf2 45. Rxf2 Qb3+ 46. Ke1 Rc7 47. h6 Rxa2 48. h7+ Kg7 49. Qh6+ Kxh6 50. h8Q+ Kg5 51. Rg2+ Rxg2 52. Qf6+ Kf4 53. Qh4+ Rg4 54. Qh6+ Kg3 0-1

[Event "Titled Tuesday intern op 27th Sep Early"]
[Site "Chess.com INT"]
[Date "2022.09.27"]
[Round "1"]
[White "Khoroshev, Nikita"]
[Black "Murtazin, Ruslan"]
[Result "0-1"]
[WhiteElo "2336"]
[BlackElo "2247"]
[PlyCount "60"]
[EventDate "2022.09.27"]
[EventType "swiss (blitz)"]
[EventRounds "11"]
[EventCountry "USA"]
[SourceTitle "CBM 210 Extra"]
[Source "ChessBase"]
[SourceDate "2022.11.30"]
[SourceVersion "1"]
[SourceVersionDate "2022.11.30"]
[SourceQuality "1"]

1. e4 e6 2. d4 d5 3. Nc3 Nf6 4. Bg5 dxe4 5. Nxe4 Be7 6. Bxf6 gxf6 7. Qd2 f5 8. Nc3 a6 9. Nf3 b5 10. a4 b4 11. Ne2 Bb7 12. Ne5 Nd7 13. 0-0-0 Nxe5 14. dxe5 Qxd2+ 15. Rxd2 Rd8 16. Rxd8+ Bxd8 17. h4 h5 18. Rh3 Rg8 19. f3 c5 20. Nf4 Bc7 21. Nd3 c4 22. Nc5 Bc8 23. f4 Bb6 24. Nxa6 Bxa6 25. b3 Rg4 26. g3 Bf2 27. Be2 Rxg3 28. Rh1 Be3+ 29. Kd1 Bxf4 30. bxc4 Ra3 0-1

[Event "Titled Tuesday intern op 27th Sep Late"]
[Site "Chess.com INT"]
[Date "2022.09.27"]
[Round "11"]
[White "Murtazin, Ruslan"]
[Black "D'Arruda, Ricardo D"]
[Result "1-0"]
[WhiteElo "2247"]
[BlackElo "2271"]
[PlyCount "133"]
[EventDate "2022.09.27"]
[EventType "swiss (blitz)"]
[EventRounds "11"]
[EventCountry "USA"]
[SourceTitle "CBM 210 Extra"]
[Source "ChessBase"]
[SourceDate "2022.11.30"]
[SourceVersion "1"]
[SourceVersionDate "2022.11.30"]
[SourceQuality "1"]

1. e4 c5 2. Nf3 Nc6 3. d4 cxd4 4. Nxd4 e5 5. Nb5 a6 6. Nd6+ Bxd6 7. Qxd6 Qe7 8. Qd3 Nf6 9. Nc3 d6 10. Bg5 Be6 11. a3 0-0 12. Be2 Rfd8 13. Rd1 h6 14. Bxf6 Qxf6 15. 0-0 Rac8 16. Qg3 Nd4 17. Bd3 Bc4 18. f4 Bxd3 19. Qxd3 Qe6 20. Rf2 f6 21. Nd5 Rc6 22. c3 Nb3 23. Qg3 Kh8 24. Qg6 Rf8 25. Rf3 Nc5 26. Rh3 Qf7 27. Qf5 Qe6 28. Qxe6 Nxe6 29. fxe5 dxe5 30. Ne7 Nf4 31. Rf3 Rc7 32. Nf5 Rc4 33. g3 Ne6 34. Nd6 Rc7 35. Rfd3 Kh7 36. h4 Rd8 37. Kf2 Rcd7 38. Ke3 Nc5 39. Rd5 b6 40. Nc4 Rxd5 41. Rxd5 Rxd5 42. exd5 Nd7 43. h5 g6 44. g4 f5 45. gxf5 gxf5 46. Nd6 f4+ 47. Ke4 Kg7 48. Kf5 f3 49. Ne4 Kf7 50. c4 a5 51. b4 axb4 52. axb4 Ke7 53. Nf2 Kf7 54. Ke4 Kf6 55. Kxf3 Kg5 56. Ne4+ Kxh5 57. c5 bxc5 58. bxc5 Kg6 59. c6 Nb6 60. d6 Kf7 61. d7 Ke7 62. Nc5 Kd8 63. Ke4 Nxd7 64. cxd7 h5 65. Kxe5 h4 66. Kd6 h3 67. Ne6# 1-0

[Event "Titled Tuesday intern op 27th Sep Late"]
[Site "Chess.com INT"]
[Date "2022.09.27"]
[Round "5"]
[White "Murtazin, Ruslan"]
[Black "Ozalp, Burak"]
[Result "1-0"]
[WhiteElo "2247"]
[BlackElo "2206"]
[PlyCount "59"]
[EventDate "2022.09.27"]
[EventType "swiss (blitz)"]
[EventRounds "11"]
[EventCountry "USA"]
[SourceTitle "CBM 210 Extra"]
[Source "ChessBase"]
[SourceDate "2022.11.30"]
[SourceVersion "1"]
[SourceVersionDate "2022.11.30"]
[SourceQuality "1"]

1. e4 g6 2. d4 Bg7 3. Nc3 d6 4. f4 Na6 5. Nf3 c5 6. d5 Nf6 7. Be2 0-0 8. 0-0 e6 9. dxe6 Bxe6 10. f5 gxf5 11. exf5 Bxf5 12. Nh4 Bg6 13. Nf5 Ne8 14. Nxg7 Nxg7 15. Nd5 Nc7 16. Nf6+ Kh8 17. Bh6 Nce6 18. h4 Bf5 19. Nh5 Bg6 20. Nxg7 Nxg7 21. Bg5 Qd7 22. h5 f6 23. Bf4 Be4 24. Qxd6 Qxd6 25. Bxd6 Rfd8 26. Bxc5 Rac8 27. Be7 Rd2 28. Rae1 Rcxc2 29. Rxf6 Kg8 30. Rf8# 1-0

[Event "Titled Tuesday intern op 27th Sep Early"]
[Site "Chess.com INT"]
[Date "2022.09.27"]
[Round "10"]
[White "Murtazin, Ruslan"]
[Black "Papp, Levente"]
[Result "1/2-1/2"]
[WhiteElo "2247"]
[BlackElo "2384"]
[PlyCount "160"]
[EventDate "2022.09.27"]
[EventType "swiss (blitz)"]
[EventRounds "11"]
[EventCountry "USA"]
[SourceTitle "CBM 210 Extra"]
[Source "ChessBase"]
[SourceDate "2022.11.30"]
[SourceVersion "1"]
[SourceVersionDate "2022.11.30"]
[SourceQuality "1"]

1. e4 e6 2. Nf3 d5 3. Nc3 Nf6 4. e5 Nfd7 5. d4 c5 6. dxc5 Nc6 7. Bf4 Bxc5 8. Bd3 h6 9. h4 Qb6 10. Qd2 Qxb2 11. Rb1 Qa3 12. Nb5 Qxa2 13. 0-0 Qa5 14. Qxa5 Nxa5 15. Nc7+ Kd8 16. Nxa8 b6 17. Bd2 Nc6 18. Rfe1 Bb7 19. Nxb6 axb6 20. Ra1 Ke7 21. Bb5 Rb8 22. Ra2 Nd4 23. Nxd4 Bxd4 24. Bb4+ Bc5 25. Bxc5+ Nxc5 26. Ra7 Kd8 27. f3 Kc7 28. Kf2 Rd8 29. Ke3 d4+ 30. Kd2 f6 31. Bc4 f5 32. g4 fxg4 33. fxg4 Rf8 34. Rf1 Rxf1 35. Bxf1 Kb8 36. Ra1 g5 37. hxg5 hxg5 38. Be2 Kc7 39. Rf1 Ne4+ 40. Kd3 Ng3 41. Rf7+ Kb8 42. Bd1 Bd5 43. Kxd4 Ne4 44. c4 Bc6 45. Re7 Nc5 46. Bc2 Bf3 47. Rg7 Bxg4 48. Rxg5 Bf3 49. Rg7 Bc6 50. Re7 Bd7 51. Bg6 Kc7 52. Rh7 Kd8 53. Rh8+ Kc7 54. Bf7 Bc6 55. Be8 Bb7 56. Rh7+ Kd8 57. Bf7 Bc6 58. Bg8 Bd7 59. Bf7 Bc6 60. Bg6 Bd7 61. Be4 Kc7 62. Bf3 Kd8 63. Kc3 Kc8 64. Kd4 Kd8 65. Ke3 Kc8 66. Be2 Kd8 67. Kf4 Kc8 68. Kg5 Ne4+ 69. Kf4 Nc5 70. Rh4 Kd8 71. Kg5 Kc7 72. Kf6 Na4 73. Ke7 Nc3 74. Bf3 Na4 75. Rh7 Nc5 76. Bg4 b5 77. cxb5 Kb6 78. Kf6 Bxb5 79. Bxe6 Bc4 80. Bxc4 Kc6 1/2-1/2

[Event "Titled Tuesday intern op 27th Sep Late"]
[Site "Chess.com INT"]
[Date "2022.09.27"]
[Round "9"]
[White "Murtazin, Ruslan"]
[Black "Samarth, J Rao"]
[Result "0-1"]
[WhiteElo "2247"]
[BlackElo "1664"]
[PlyCount "68"]
[EventDate "2022.09.27"]
[EventType "swiss (blitz)"]
[EventRounds "11"]
[EventCountry "USA"]
[SourceTitle "CBM 210 Extra"]
[Source "ChessBase"]
[SourceDate "2022.11.30"]
[SourceVersion "1"]
[SourceVersionDate "2022.11.30"]
[SourceQuality "1"]

1. e4 c5 2. Nf3 d6 3. d4 cxd4 4. Nxd4 Nf6 5. Nc3 a6 6. Bc4 e6 7. 0-0 Be7 8. Bb3 0-0 9. f4 b5 10. f5 e5 11. Nde2 Bb7 12. Ng3 Nbd7 13. Bg5 Qb6+ 14. Kh1 Rac8 15. Nh5 Rxc3 16. bxc3 Bxe4 17. Bxf6 Nxf6 18. Nxf6+ Bxf6 19. Bd5 Bxd5 20. Qxd5 Qc7 21. Rf3 Re8 22. Re1 h5 23. Rd3 Be7 24. f6 Bxf6 25. Qxd6 Qc4 26. Qd5 Qh4 27. g3 Qh3 28. Qg2 Qf5 29. Qe4 Qh3 30. Red1 g6 31. Rd6 Bg7 32. Rd8 Rxd8 33. Rxd8+ Kh7 34. Rd6 Qf1# 0-1

[Event "Titled Tuesday intern op 27th Sep Late"]
[Site "Chess.com INT"]
[Date "2022.09.27"]
[Round "3"]
[White "Murtazin, Ruslan"]
[Black "Wieczorek, Oskar"]
[Result "0-1"]
[WhiteElo "2247"]
[BlackElo "2505"]
[PlyCount "70"]
[EventDate "2022.09.27"]
[EventType "swiss (blitz)"]
[EventRounds "11"]
[EventCountry "USA"]
[SourceTitle "CBM 210 Extra"]
[Source "ChessBase"]
[SourceDate "2022.11.30"]
[SourceVersion "1"]
[SourceVersionDate "2022.11.30"]
[SourceQuality "1"]

1. e4 c5 2. Nf3 d6 3. d4 cxd4 4. Nxd4 Nf6 5. Nc3 e6 6. Bc4 Be7 7. 0-0 0-0 8. f4 Nc6 9. Be3 d5 10. exd5 exd5 11. Be2 Re8 12. Bf2 Bc5 13. Bf3 Nxd4 14. Bxd4 Qb6 15. Bxc5 Qxc5+ 16. Kh1 d4 17. Ne2 Rd8 18. c3 Ng4 19. Qd2 Ne3 20. Rfe1 Nc4 21. cxd4 Nxd2 22. dxc5 Nxf3 23. gxf3 Be6 24. Nc3 Rd2 25. Re2 Rxe2 26. Nxe2 Rd8 27. Nc3 Rd2 28. Re1 Rxb2 29. f5 Bd7 30. Rd1 Be8 31. Rd8 Kf8 32. Ne4 Ke7 33. Ra8 Rxa2 34. h4 Bc6 35. h5 Ra4 0-1

[Event "Titled Tuesday intern op 27th Sep Late"]
[Site "Chess.com INT"]
[Date "2022.09.27"]
[Round "2"]
[White "Ozen, Bahadir"]
[Black "Murtazin, Ruslan"]
[Result "1/2-1/2"]
[WhiteElo "2369"]
[BlackElo "2247"]
[PlyCount "75"]
[EventDate "2022.09.27"]
[EventType "swiss (blitz)"]
[EventRounds "11"]
[EventCountry "USA"]
[SourceTitle "CBM 210 Extra"]
[Source "ChessBase"]
[SourceDate "2022.11.30"]
[SourceVersion "1"]
[SourceVersionDate "2022.11.30"]
[SourceQuality "1"]

1. g3 Nf6 2. Bg2 g6 3. Nf3 Bg7 4. 0-0 0-0 5. d3 d6 6. e4 c5 7. e5 dxe5 8. Nxe5 Nbd7 9. Nc4 Nb6 10. Nc3 Nbd5 11. Nxd5 Nxd5 12. Re1 e6 13. h4 h6 14. a4 Rb8 15. a5 b6 16. axb6 axb6 17. c3 Bb7 18. Qb3 Bc6 19. Ne5 Ba8 20. Bd2 Qc7 21. Ng4 h5 22. Ne3 Nxe3 23. Bxe3 Bxg2 24. Kxg2 Ra8 25. Qc4 Rfd8 26. Qe4 Rxa1 27. Rxa1 Qd7 28. Ra6 Qb5 29. Ra8 Rxa8 30. Qxa8+ Kh7 31. Qb7 Kg8 32. Qc8+ Kh7 33. Qc7 Kg8 34. Qd8+ Kh7 35. Qc7 Kg8 36. Qc8+ Kh7 37. Qb7 Kg8 38. Qc8+ 1/2-1/2

[Event "Titled Tuesday intern op 19th Jan"]
[Site "Chess.com INT"]
[Date "2021.01.19"]
[Round "3"]
[White "Murtazin, Ruslan"]
[Black "Bologan, Viktor"]
[Result "0-1"]
[WhiteElo "2262"]
[BlackElo "2574"]
[PlyCount "56"]
[EventDate "2021.01.19"]
[EventType "swiss (blitz)"]
[EventRounds "11"]
[EventCountry "USA"]
[SourceTitle "CBM 200 Extra"]
[Source "ChessBase"]
[SourceDate "2021.03.31"]
[SourceVersion "1"]
[SourceVersionDate "2021.03.31"]
[SourceQuality "1"]

1. e4 c5 2. d3 d5 3. exd5 Qxd5 4. Nc3 Qd7 5. g3 b6 6. Bg2 Bb7 7. Nf3 Nc6 8. 0-0 Nf6 9. Re1 e6 10. Ne4 Be7 11. Bf4 Nd5 12. Bd2 0-0 13. Qe2 Nd4 14. Qd1 f6 15. c3 Nxf3+ 16. Bxf3 e5 17. Qb3 Kh8 18. Rad1 f5 19. Ng5 Bxg5 20. Bxg5 f4 21. Bh1 Rae8 22. d4 cxd4 23. cxd4 e4 24. Bxe4 Rxe4 25. Rxe4 Qh3 26. Rde1 h6 27. Qa3 Rf5 28. Be7 f3 0-1

[Event "Titled Tuesday intern op 19th Jan"]
[Site "Chess.com INT"]
[Date "2021.01.19"]
[Round "7"]
[White "Murtazin, Ruslan"]
[Black "Visakh, Narayanan Rajeswari"]
[Result "1-0"]
[WhiteElo "2262"]
[BlackElo "2516"]
[PlyCount "137"]
[EventDate "2021.01.19"]
[EventType "swiss (blitz)"]
[EventRounds "11"]
[EventCountry "USA"]
[SourceTitle "CBM 200 Extra"]
[Source "ChessBase"]
[SourceDate "2021.03.31"]
[SourceVersion "1"]
[SourceVersionDate "2021.03.31"]
[SourceQuality "1"]

1. e4 c5 2. d3 Nc6 3. g3 g6 4. Bg2 Bg7 5. c3 e6 6. Be3 d6 7. Qd2 Nge7 8. Bh6 Bxh6 9. Qxh6 Qb6 10. b3 Bd7 11. Ne2 Ne5 12. Qd2 0-0 13. f4 N5c6 14. 0-0 d5 15. f5 exf5 16. exd5 Ne5 17. c4 Qf6 18. Nbc3 Qg7 19. d4 cxd4 20. Nxd4 Rae8 21. Rae1 b6 22. Ncb5 Nc8 23. a4 a6 24. Nc7 Re7 25. Nxa6 Nd6 26. Nb4 Rfe8 27. Ndc6 Bxc6 28. Nxc6 Nxc6 29. dxc6 Rxe1 30. Rxe1 Rxe1+ 31. Qxe1 Qd4+ 32. Kh1 Ne4 33. c7 Qd7 34. Bxe4 fxe4 35. Qxe4 Qxc7 36. Kg2 h5 37. b4 Qd6 38. b5 Qd2+ 39. Kh3 Qd7+ 40. Kg2 Qd2+ 41. Kf3 Qd1+ 42. Kf4 Qxa4 43. Qe8+ Kg7 44. Qe5+ Kh7 45. Qc7 Kg7 46. Qe5+ Kg8 47. Qb8+ Kg7 48. Qxb6 Qxc4+ 49. Ke5 Qe2+ 50. Kd6 Qd2+ 51. Kc6 h4 52. gxh4 Qg2+ 53. Kc7 Qxh2+ 54. Kb7 Qxh4 55. Qc6 Qe7+ 56. Qc7 Qe4+ 57. Ka7 Qa4+ 58. Kb6 g5 59. Qe5+ Kg6 60. Kc6 Qc4+ 61. Qc5 Qe4+ 62. Kc7 g4 63. b6 g3 64. b7 Qf4+ 65. Kc8 Qg4+ 66. Kc7 g2 67. b8Q g1Q 68. Qxg1 Kf6 69. Qxg4 1-0

[Event "Nezhmetdinov Memorial rapid 41st"]
[Site "Kazan"]
[Date "2019.05.29"]
[Round "2"]
[White "Murtazin, Ruslan"]
[Black "Rozum, Ivan"]
[Result "1-0"]
[WhiteElo "2283"]
[BlackElo "2568"]
[PlyCount "61"]
[EventDate "2019.05.29"]
[EventType "swiss (rapid)"]
[EventRounds "11"]
[EventCountry "RUS"]
[SourceTitle "CBM 190 Extra"]
[Source "ChessBase"]
[SourceDate "2019.07.15"]
[SourceVersion "1"]
[SourceVersionDate "2019.07.15"]
[SourceQuality "1"]

1. e4 c6 2. d4 d5 3. e5 Bf5 4. h4 h5 5. c4 e6 6. Nc3 Ne7 7. Nge2 Bg4 8. f3 Bf5 9. Ng3 Bg6 10. Bg5 Qb6 11. Qd2 dxc4 12. Bxc4 Nd7 13. Nge4 Nd5 14. a3 a6 15. Rc1 Qa7 16. Ba2 Nc7 17. Nd6+ Bxd6 18. exd6 Nb5 19. Nxb5 axb5 20. Be7 Qa5 21. d5 exd5 22. b4 Qxa3 23. Bxd5 cxd5 24. 0-0 Qd3 25. Qf4 f6 26. Rfe1 Kf7 27. Rc7 Qf5 28. Qd4 Rhc8 29. Rxd7 Qxd7 30. Qxd5+ Ke8 31. Qg8# 1-0

[Event "Nezhmetdinov Memorial 40th"]
[Site "Kazan"]
[Date "2018.09.15"]
[Round "3"]
[White "Murtazin, Ruslan"]
[Black "Usmanov, Vasily"]
[Result "1/2-1/2"]
[WhiteElo "2295"]
[BlackElo "2470"]
[PlyCount "80"]
[EventDate "2018.09.13"]
[EventType "swiss"]
[EventRounds "9"]
[EventCountry "RUS"]
[SourceTitle "CBM 186 Extra"]
[Source "ChessBase"]
[SourceDate "2018.08.24"]
[SourceVersion "1"]
[SourceVersionDate "2018.08.24"]
[SourceQuality "1"]

1. e4 e6 2. Nf3 d5 3. Nc3 d4 4. Ne2 c5 5. c3 Nf6 6. cxd4 cxd4 7. Nexd4 Nxe4 8. Nxe6 Bxe6 9. Qa4+ Nc6 10. Qxe4 Bc5 11. Bc4 0-0 12. Bxe6 Re8 13. 0-0 Rxe6 14. Qc4 Bb6 15. d3 h6 16. Bf4 Nd4 17. Nxd4 Qxd4 18. Be3 Qxc4 19. dxc4 Bxe3 20. fxe3 Rxe3 21. Rad1 Rae8 22. Rd7 R8e7 23. Rfd1 Re1+ 24. Rxe1 Rxd7 25. Re8+ Kh7 26. Kf2 f5 27. Ke3 Kg6 28. b4 Kf7 29. Ra8 b6 30. Kf4 Ke6 31. Re8+ Kf6 32. Rf8+ Ke6 33. Re8+ Kf6 34. Rf8+ Ke6 35. Re8+ Kf6 36. Rf8+ Ke6 37. Re8+ Kf6 38. Rf8+ Ke6 39. Re8+ Kf6 40. Rf8+ Ke6 1/2-1/2

[Event "Voronezh op-A 22nd"]
[Site "Voronezh"]
[Date "2018.06.15"]
[Round "4"]
[White "Murtazin, Ruslan"]
[Black "Ibadov, Dashgyn"]
[Result "1-0"]
[WhiteElo "2308"]
[BlackElo "2214"]
[PlyCount "100"]
[EventDate "2018.06.12"]
[EventType "swiss"]
[EventRounds "9"]
[EventCountry "RUS"]
[SourceTitle "CBM 185 Extra"]
[Source "ChessBase"]
[SourceDate "2018.07.29"]
[SourceVersion "1"]
[SourceVersionDate "2018.07.29"]
[SourceQuality "1"]

1. e4 c5 2. Nf3 g6 3. d4 cxd4 4. Nxd4 Bg7 5. Be2 Nc6 6. Nb3 Nf6 7. Nc3 0-0 8. 0-0 d6 9. Re1 b6 10. Bf1 Bb7 11. Bg5 h6 12. Bf4 Rc8 13. Qd2 g5 14. Bg3 Nh5 15. Rad1 a6 16. Nd5 Ne5 17. Nd4 e6 18. Nc3 Qe7 19. Nf3 Nxg3 20. hxg3 Rfd8 21. Nxe5 dxe5 22. Bd3 b5 23. Qe3 g4 24. f3 gxf3 25. gxf3 Qg5 26. Qxg5 hxg5 27. a4 b4 28. Nb1 Bf8 29. Nd2 Bc5+ 30. Kg2 Bd4 31. b3 Bc3 32. Re2 Kg7 33. Nc4 Rc5 34. Rh1 Bc6 35. Kf1 Kf6 36. Ne3 a5 37. Rh7 Ke7 38. Reh2 Rxd3 39. cxd3 Bd4 40. Nc4 Be8 41. Rg7 Kf6 42. Rg8 Bc6 43. Rh6+ Ke7 44. Rxg5 Bc3 45. f4 Rxc4 46. dxc4 Bxe4 47. Rh2 Bd3+ 48. Re2 Kf6 49. Kf2 e4 50. Rxa5 Bd4+ 1-0

[Event "Moscow op-A 14th"]
[Site "Moscow"]
[Date "2018.02.04"]
[Round "9"]
[White "Kukhmazov, Arsen"]
[Black "Murtazin, Ruslan"]
[Result "1-0"]
[WhiteElo "2404"]
[BlackElo "2342"]
[PlyCount "115"]
[EventDate "2018.01.27"]
[EventType "swiss"]
[EventRounds "9"]
[EventCountry "RUS"]
[SourceTitle "CBM 182 Extra"]
[Source "ChessBase"]
[SourceDate "2018.02.23"]
[SourceVersion "1"]
[SourceVersionDate "2018.02.23"]
[SourceQuality "1"]

1. d4 Nf6 2. c4 g6 3. Nc3 Bg7 4. g3 0-0 5. Bg2 d6 6. Nf3 Nc6 7. 0-0 Bf5 8. d5 Na5 9. Nd2 c6 10. b4 Nxc4 11. dxc6 Nxd2 12. cxb7 Rb8 13. Bxd2 d5 14. Qb3 Rxb7 15. Rac1 Be6 16. Qa3 Qd6 17. Rfd1 Ng4 18. Be1 Nf6 19. Na4 Qa6 20. Rd3 Bf5 21. Nc5 Qxa3 22. Rxa3 Rc7 23. Bc3 Ne4 24. Bxg7 Kxg7 25. Ne6+ Bxe6 26. Rxc7 Rb8 27. Rb3 Nd2 28. Rd3 Ne4 29. Bxe4 dxe4 30. Rd4 Bxa2 31. Rxa7 Be6 32. Rxe4 Bd5 33. Rd4 e6 34. f3 Rc8 35. Kf2 Rc2 36. Ke3 Rb2 37. Rc7 g5 38. h4 h6 39. Kd3 Kf6 40. e4 Ba2 41. hxg5+ hxg5 42. f4 g4 43. Rdd7 e5 44. Rd6+ Kg7 45. fxe5 Kf8 46. Rd4 Rg2 47. b5 Rb2 48. Rb7 Rb3+ 49. Kc2 Rxg3 50. b6 Bb3+ 51. Kd2 Be6 52. Rc7 Rg2+ 53. Kc3 Rg3+ 54. Rd3 Rg1 55. b7 Rc1+ 56. Kd2 Rxc7 57. b8Q+ Rc8 58. Qxc8+ 1-0

[Event "Moscow op-A 14th"]
[Site "Moscow"]
[Date "2018.02.01"]
[Round "6"]
[White "Murtazin, Ruslan"]
[Black "Shinkevich, Vitaly"]
[Result "1-0"]
[WhiteElo "2342"]
[BlackElo "2454"]
[PlyCount "110"]
[EventDate "2018.01.27"]
[EventType "swiss"]
[EventRounds "9"]
[EventCountry "RUS"]
[SourceTitle "CBM 182 Extra"]
[Source "ChessBase"]
[SourceDate "2018.02.23"]
[SourceVersion "1"]
[SourceVersionDate "2018.02.23"]
[SourceQuality "1"]

1. e4 c5 2. Nf3 e6 3. d4 cxd4 4. Nxd4 a6 5. Bd3 Bc5 6. Nb3 Be7 7. Qg4 Bf6 8. 0-0 Nc6 9. f4 d6 10. Nc3 Nge7 11. Bd2 0-0 12. Rae1 g6 13. Nd1 Bg7 14. Bc3 e5 15. Qf3 f5 16. exf5 gxf5 17. fxe5 dxe5 18. Ne3 b5 19. Qh5 b4 20. Bd2 e4 21. Bc4+ Kh8 22. Rd1 Qb6 23. Kh1 Ra7 24. Ng4 Ng6 25. Be3 Qc7 26. Nh6 Nce5 27. Bd5 f4 28. Bxa7 Qxa7 29. Bxe4 f3 30. gxf3 Bf6 31. Nf5 Be6 32. Nbd4 Bf7 33. Nd6 Bg8 34. N4f5 Nf4 35. Qh6 Neg6 36. Ng3 Bg7 37. Qg5 Nh3 38. Qd2 Ngf4 39. Ndf5 Bxb2 40. Qe3 Qxe3 41. Nxe3 Bxa2 42. Rd7 Bg8 43. Nd5 Ne6 44. Kg2 Nhf4+ 45. Nxf4 Nxf4+ 46. Kh1 a5 47. Ra7 Bc3 48. Rd1 Rb8 49. Nf5 Nh3 50. Kg2 Ng5 51. Bd5 Ne6 52. Kh1 Rd8 53. Nh6 Nf4 54. Nxg8 Rxd5 55. Rxd5 Nxd5 1-0

[Event "RUS-chT blitz"]
[Site "Sochi"]
[Date "2017.10.05"]
[Round "8"]
[White "Vokarev, Sergey"]
[Black "Murtazin, Ruslan"]
[Result "1-0"]
[WhiteElo "2443"]
[BlackElo "2342"]
[PlyCount "89"]
[EventDate "2017.10.05"]
[EventType "team-swiss (blitz)"]
[EventRounds "15"]
[EventCountry "RUS"]
[SourceTitle "CBM 181 Extra"]
[Source "ChessBase"]
[SourceDate "2017.12.12"]
[SourceVersion "1"]
[SourceVersionDate "2017.12.12"]
[SourceQuality "1"]
[WhiteTeam "Sverdlovskaya Politechnik"]
[BlackTeam "Moscow Karpov School"]
[WhiteTeamCountry "RUS"]
[BlackTeamCountry "RUS"]

1. Nf3 Nf6 2. g3 g6 3. Bg2 Bg7 4. d4 0-0 5. 0-0 d6 6. b3 c5 7. Bb2 Nbd7 8. c4 Rb8 9. Nc3 a6 10. a4 cxd4 11. Nxd4 Nc5 12. e3 Bg4 13. Qc2 Qd7 14. f3 Bh3 15. Rfd1 Bxg2 16. Kxg2 Rbc8 17. Nde2 Rfe8 18. e4 Qc6 19. Nf4 e5 20. Nfd5 Ne6 21. Nxf6+ Bxf6 22. Nd5 Bg7 23. a5 Nd4 24. Bxd4 exd4 25. Rd3 f5 26. Re1 fxe4 27. Rxe4 Rxe4 28. fxe4 Re8 29. Rf3 Qc5 30. b4 Qc8 31. Qd3 Qd7 32. h3 Qa4 33. Rf2 Be5 34. Qf3 Qd7 35. b5 Qg7 36. bxa6 bxa6 37. Nb4 Rc8 38. Qg4 Qb7 39. Qe6+ Kh8 40. Nd5 Rd8 41. Rf7 Qb2+ 42. Rf2 Qb3 43. Nf4 Qe3 44. Qd5 g5 45. Nh5 1-0

[Event "RUS-ch blitz"]
[Site "Sochi"]
[Date "2017.10.02"]
[Round "2"]
[White "Murtazin, Ruslan"]
[Black "Bocharov, Dmitry"]
[Result "0-1"]
[WhiteElo "2364"]
[BlackElo "2585"]
[PlyCount "86"]
[EventDate "2017.10.02"]
[EventType "swiss (blitz)"]
[EventRounds "20"]
[EventCountry "RUS"]
[SourceTitle "EXT 2018"]
[Source "ChessBase"]
[SourceDate "2017.10.13"]
[SourceVersion "1"]
[SourceVersionDate "2017.10.13"]
[SourceQuality "1"]

1. e4 d6 2. d4 Nf6 3. Nc3 g6 4. f3 a6 5. Be3 b5 6. Qd2 Bb7 7. h4 h5 8. 0-0-0 Nbd7 9. Nh3 Bg7 10. Nf2 c5 11. dxc5 dxc5 12. Nd5 Bxd5 13. exd5 0-0 14. g4 Nb6 15. Bxc5 Na4 16. Bd4 Qxd5 17. b3 Nc5 18. gxh5 Nxh5 19. Bxg7 Qxd2+ 20. Rxd2 Kxg7 21. Rg1 Rac8 22. Ne4 Nxe4 23. fxe4 Rc7 24. Bh3 Rh8 25. Rd7 Rxd7 26. Bxd7 Nf6 27. Bc6 Rxh4 28. Bb7 a5 29. Rg5 Rh5 30. Rg3 Re5 31. Kd2 Nxe4+ 32. Bxe4 Rxe4 33. Rg5 f5 34. Kd3 Kf6 35. Rg1 b4 36. Rh1 e5 37. Rh8 Rd4+ 38. Ke2 Rd5 39. Ra8 Rc5 40. Kd2 f4 41. Kd3 Kf5 42. Rf8+ Kg4 43. Rg8 g5 0-1